| 000 | 01565nam a2200241Ia 4500 | ||
|---|---|---|---|
| 003 | Ost | ||
| 005 | 20260507075632.0 | ||
| 008 | 260507s9999||||xx |||||||||||||| ||und|| | ||
| 020 | _ax244804977 | ||
| 040 | _cfsecg | ||
| 041 | _aara | ||
| 082 | _a345.03 | ||
| 100 |
_aالعادلي، محمود صالح _eمؤلف |
||
| 245 | 0 |
_aالوسيط في شرح جرائم البلطجة : _bطبقا للقانون رقم 02 لسنة 1998 في ضوء أراء الفقها وأحكام القضاء / _c محمود صالح العادلي |
|
| 260 |
_aالاسكندرية: _bدار الجامعة الجديدة, _c2000 |
||
| 300 |
_a166 صفحة؛ _c24 سم |
||
| 504 | _aالمراجع ص.161 | ||
| 520 | _aفي هذا الكتاب : البلطجة ،الركن المادي ،صور البلطجة ،القوة والعنف ،التعرف، التهديد ، النتيجة الإجرامة ، النتائج المدية ، النتائج المعنوية ، رابطة البنية ،الركن المعنوي والعقوبة ،الأحكام العامة للقصد الجنائي ، جرائم البطجة المشددة ، جنح البلطجة المشددة ،الظروف المتعلقة بالجاني والمجني عليه ، تعدد الجناة ،الإرتباط وتعدد الجناة ،إرتباط البلطجة بجريمة الإيذاء والقتل العمدي | ||
| 653 | _aالجريمة والمجرمون-مصر | ||
| 653 | _aالقانون الجنائي | ||
| 653 | _aقوانين وتشريعات | ||
| 942 | _cكتاب | ||
| 999 |
_c45235 _d45235 |
||